Zwycięzcy ważnych wydarzeń w skokach narciarskich - Statystyki

Ogólne statystyki
  • Ten quiz został rozwiązany 154 razy
  • Średni wynik to 64 z 133
Statystyki odpowiedzi
zawody/turnieje sezon/rok skoczek % Poprawnych
Puchar Świata 13/14, 17/18 Kamil Stoch
94%
TCS 16/17-17/18, 20/21 Kamil Stoch
94%
MŚ skocznia duża 2013 Kamil Stoch
94%
ZIO skocznia duża 2014 Kamil Stoch
94%
ZIO skocznia duża 2018 Kamil Stoch
94%
ZIO skocznia normalna 2014 Kamil Stoch
94%
Puchar Świata 00/01-02-03, 06/07 Adam Małysz
90%
MŚ skocznia duża 2003 Adam Małysz
90%
MŚ skocznia normalna 2001 Adam Małysz
90%
MŚ skocznia normalna 2003 Adam Małysz
90%
MŚ skocznia normalna 2007 Adam Małysz
90%
Puchar Świata 15/16 Peter Prevc
84%
TCS 15/16 Peter Prevc
83%
MŚ w lotach 2016 Peter Prevc
83%
Puchar Świata 16/17, 19/20 Stefan Kraft
83%
TCS 14/15 Stefan Kraft
83%
MŚ skocznia duża 2017 Stefan Kraft
83%
MŚ skocznia normalna 2017 Stefan Kraft
83%
Puchar Świata 18/19 Ryoyu Kobayashi
82%
TCS 19/20 Dawid Kubacki
81%
MŚ skocznia normalna 2019 Dawid Kubacki
81%
Puchar Świata 03/04-04/05 Janne Ahonen
81%
TCS 98/99, 02/03, 04/05-05/06, 07/08 Janne Ahonen
81%
MŚ skocznia duża 2005 Janne Ahonen
81%
MŚ skocznia normalna 1997 Janne Ahonen
81%
TCS 18/19 Ryoyu Kobayashi
81%
MŚ skocznia duża 2007 Simon Ammann
81%
MŚ w lotach 2010 Simon Ammann
81%
ZIO skocznia duża 2002 Simon Ammann
81%
ZIO skocznia duża 2010 Simon Ammann
81%
ZIO skocznia normalna 2002 Simon Ammann
81%
ZIO skocznia normalna 2010 Simon Ammann
81%
Puchar Świata 82/83, 84/85-85/86, 87/88 Matti Nykanen
76%
TCS 82/83, 87/88 Matti Nykanen
76%
MŚ skocznia duża 1982 Matti Nykanen
76%
MŚ w lotach 1985 Matti Nykanen
76%
ZIO skocznia duża 1984 Matti Nykanen
76%
ZIO skocznia duża 1988 Matti Nykanen
76%
ZIO skocznia normalna 1988 Matti Nykanen
76%
MŚ w lotach 2014 Severin Freund
72%
Puchar Świata 14/15 Severin Freund
71%
MŚ skocznia duża 2015 Severin Freund
71%
ZIO skocznia normalna 2018 Andreas Wellinger
69%
Puchar Świata 09/10 Simon Ammann
69%
TCS 11/12-12/13 Gregor Schlierenzauer
67%
MŚ skocznia duża 2011 Gregor Schlierenzauer
67%
MŚ w lotach 2008 Gregor Schlierenzauer
67%
Puchar Świata 07/08, 10/11 Thomas Morgenstern
67%
TCS 10/11 Thomas Morgenstern
67%
MŚ skocznia normalna 2011 Thomas Morgenstern
67%
ZIO skocznia duża 2006 Thomas Morgenstern
67%
Puchar Świata 08/09, 12/13 Gregor Schlierenzauer
66%
MŚ w lotach 1992 Noriaki Kasai
64%
MŚ w lotach 2020 Karl Geiger
61%
Puchar Świata 11/12 Anders Bardal
58%
MŚ w lotach 2018 Daniel Andre Tande
58%
Puchar Świata 05/06 Jakub Janda
58%
TCS 05/06 Jakub Janda
58%
MŚ skocznia duża 1999 Martin Schmitt
58%
MŚ skocznia duża 2001 Martin Schmitt
58%
MŚ skocznia normalna 2013 Anders Bardal
57%
Puchar Świata 98/99-1999/2000 Martin Schmitt
56%
Puchar Świata 92/93, 94/95-95/96 Andreas Goldberger
50%
TCS 92/93, 94/95 Andreas Goldberger
50%
MŚ w lotach 1996 Andreas Goldberger
50%
TCS 97/98 Kazuyoshi Funaki
50%
MŚ skocznia normalna 1999 Kazuyoshi Funaki
50%
MŚ w lotach 1998 Kazuyoshi Funaki
50%
ZIO skocznia duża 1998 Kazuyoshi Funaki
50%
Puchar Świata 96/97-97/98 Primoz Peterka
50%
TCS 96/97 Primoz Peterka
50%
TCS 01/02 Sven Hannawald
50%
MŚ w lotach 2000 Sven Hannawald
50%
MŚ w lotach 2002 Sven Hannawald
50%
TCS 09/10 Andreas Kofler
49%
MŚ w lotach 2012 Robert Kranjec
45%
MŚ skocznia duża 2019 Markus Eisenbichler
44%
TCS 13/14 Thomas Diethart
42%
TCS 08/09 Wolfgang Loitzl
38%
MŚ skocznia normalna 2009 Wolfgang Loitzl
38%
MŚ skocznia normalna 2015 Rune Velta
37%
TCS 06/07 Anders Jacobsen
36%
Puchar Świata 80/81-81/82 Armin Kogler
28%
MŚ skocznia normalna 1982 Armin Kogler
28%
MŚ skocznia normalna 2005 Rok Benković
28%
Puchar Świata 79/80 Hubert Neuper
27%
TCS 79/80-80/81 Hubert Neuper
27%
Puchar Świata 91/92 Toni Nieminen
27%
TCS 91/92 Toni Nieminen
27%
ZIO skocznia duża 1992 Toni Nieminen
27%
ZIO skocznia normalna 2006 Lars Bystol
25%
MŚ skocznia duża 1997 Masahiko Harada
25%
MŚ skocznia normalna 1993 Masahiko Harada
25%
MŚ w lotach 2004 Roar Ljokelsoy
24%
MŚ w lotach 2006 Roar Ljokelsoy
24%
Puchar Świata 90/91 Andreas Felder
21%
MŚ skocznia duża 1987 Andreas Felder
21%
MŚ w lotach 1986 Andreas Felder
21%
MŚ skocznia duża 2009 Andreas Kuttel
21%
TCS 99/00 Andreas Widholzl
21%
TCS 89/90 Dieter Thoma
20%
MŚ w lotach 1990 Dieter Thoma
20%
TCS 03/04 Sigurd Petersen
19%
TCS 83/84-84/85, 90/91, 95/96 Jens Weisslog
18%
MŚ skocznia normalna 1985 Jens Weisslog
18%
MŚ skocznia normalna 1989 Jens Weisslog
18%
ZIO skocznia normalna 1984 Jens Weisslog
18%
ZIO skocznia normalna 1994 Jens Weisslog
18%
MŚ skocznia normalna 1995 Takanobu Okabe
17%
Puchar Świata 89/90 Jari-Pekka Nikkola
16%
ZIO skocznia normalna 1998 Jani Soininen
13%
Puchar Świata 83/84 Jens Weisslog
12%
Puchar Świata 86/87 Vegard Opaas
12%
TCS 85/86-86/87 Ernst Vettori
11%
ZIO skocznia normalna 1992 Ernst Vettori
11%
MŚ w lotach 1994 Jaroslav Sakala
11%
MŚ skocznia normalna 1991 Heinz Kuttin
9%
ZIO skocznia normalna 1980 Toni Innauer
9%
MŚ skocznia duża 1989 Jari Puikkonen
4%
MŚ w lotach 1981 Jari Puikkonen
4%
MŚ skocznia duża 1995 Tommy Ingebritsen
4%
Puchar Świata 88/89 Jan Boklov
3%
Puchar Świata 93/94 Espen Bredensen
2%
MŚ skocznia duża 1993 Espen Bredensen
2%
ZIO skocznia duża 1994 Espen Bredensen
2%
MŚ skocznia duża 1991 Franci Petek
2%
ZIO skocznia duża 1980 Jouko Tormanen
2%
TCS 81/82 Manfred Deckert
2%
MŚ skocznia duża 1985 Per Bergerud
2%
TCS 88/89 Risto Laakkonen
2%
MŚ skocznia normalna 1987 Jiri Parma
1%
MŚ w lotach 1983 Klaus Ostwald
1%
MŚ w lotach 1988 Ole Gunnar Fidjestol
1%
Nie znaleziono quizów pasujących do podanych kryteriów
Rozkład punktacji
Procent ludzi z każdym wynikiem
Percentyl według liczby udzielonych odpowiedzi
Twoja historia wyników
Nie rozwiązałeś tego quizu